000 01131nam0a22002651 4500
001 v19\rc\1404913
005 20250618102125.0
035 _a(NLR Aleph) 004534608
090 _a1918762
_c1918762
100 _a20060512d1870 |||y0rusy50 ca
101 1 _arus
_cger
102 _aRU
105 _ay c |||||
200 1 _aУказатель для больных посещающих Гаштейн, составленный д-ром Б. Генигсбергом, императорским советником, врачом при Гаштейнских водах и ординатором тамошнего госпиталя, заслуженным ординатором Виденской больницы в Вене и пр.
_eПер. со 2-го нем. изд.
210 _aСанкт-Петербург
_cтип. Я. Трея
_d1870
215 _a63 с.
_d15
700 1 _aГенигсберг
_bБ.
_4220
801 0 _aRU
_bNLR
_gpsbo
801 0 _aRU
_bRuMoRGB
_2psbo
801 1 _aRU
_bProSoft-M
_2rusmarc
852 _aNLR
_j18.126.6.262
899 _aRuMoRGB
_jF 94/46
899 _aБАН
942 _cBOOK
980 _aNB